01142nac a22003011i 4500003000900000005001700009008004100026020001500067040004300082082002100125245007800146264005800224264001000282300005300292336002600345337002800371338002700399500003300426504005200459650004300511650002700554655001700581700004600598700003000644942001200674999001500686952013900701EG-ScBUE20230810120322.0080914t1987 nyua f b 001 0 eng d a0816016437 aEG-ScBUEbengerdacEG-ScBUEdEG-ScBUE04a912.127bATL22200aAtlas of the Christian church /cedited by Henry Chadwick and G.R. Evans. 1aNew York, N.Y. :bFacts on File Publications,c[1987] 4cc1987 a240 pages :billustrations (some color) ;c31 cm 2rdacontentatextbtxt 2rdamediaaunmediatedbn 2rdacarrieravolumebnc a"An Equinox book"--Colophon. aIncludes bibliographical references and index.  7aEcclesiastical geographyxMaps.2BUEsh 7aChurch history.2BUEsh vReading book1 aEvans, G. R.q(Gillian Rosemary)eeditor.1 aChadwick, Henry,eeditor. cNB2ddc c5754d5754 00102ddc40708AlahramaMAINbMAINc0THd2005-11-07ePurchasel0o912.127 ATLp000007482r2025-07-15 00:00:00w2007-11-05yREFERENCE